000 00726nas a2200253 4500
001 BR0801624
003 BR-BrBNA
005 20231205111724.0
007 ta
008 230509b bl.|||p| |||| 00| 00por d
040 _aBR-BrBNA
_bpor
_cBiblioteca Nacional de Agricultura
041 _a(Pt)
072 _aE21
100 1 _aSilva, F.M. da
100 1 _aFim, E.
100 1 _aCastro Neto, P.
100 1 _aMachado, R.V.
245 1 _aAplicação da agricultura de precisão na lavoura cafeeira
650 _aCAFÉ
650 _aAGRICULTURA DE PRECISÃO
773 0 _tCafeicultura (Brazil)
_xISSN 1678-1724
_g(Fev 2003), v. 2(5) p. 4-6
_wBR0801624
909 _a202311
_bLúcia
_c55
_dLúcia Elande
942 _2AGRIS
_n0
_cANA
999 _c194147
_d194147